Logo BPK

Biblioteka

Politechniki Koszalińskiej

Modelirovanie i optimizacija teplo- i massoobmennych processov piscevych proizvodstv / (Rekord nr 28560)

Szczegóły MARC
000 -ETYKIETA REKORDU
podpole kontrolne o stałej długości 00623nam a2200193 i 4500
001 - NUMER KONTROLNY REKORDU
pole kontrolne bg
040 ## - ŹRÓDŁO KATALOGOWANIA
Instytucja, która utworzyła rekord BPK
041 ## - KOD JĘZYKA
Kod języka tekstu pol
080 ## - UNIWERSALNA KLASYFIKACJA DZIESIĘTNA - UKD
UKD 664
008 - POLE O STAŁEJ DŁUGOŚCI - DANE KONTROLNE
podpole kontrolne o stałej długości s pl f |000 0 pol
100 1# - NAZWA OSOBOWA
Nazwa osobowa Gračev, jurij P.
245 #0 - TYTUŁ/ODPOWIEDZIALNOŚĆ
Tytuł Modelirovanie i optimizacija teplo- i massoobmennych processov piscevych proizvodstv /
Pozostałe elementy strefy tytułu i oznaczenia odpowiedzialności Ju. P. Gracev, A. K. Tubol'cev, V. K. Tubol'cev.
260 ## - STREFA ADRESU WYDAWNICZEGO
Miejsce wydania Moskva :
Nazwa wydawcy/dystrybutora "Legkaja i Piscevaja Promyslennost",
Data publikacji, dystrybucji/powstania dokumentu 1984.
300 ## - STREFA OPISU FIZYCZNEGO
Objętość 214 s. :
Inne cechy fizyczne rys., wykr. ;
Rozmiary 22 cm.
504 ## - UWAGA DOTYCZĄCA BIBLIOGRAFII
Informacje o bibliografii Bibliogr. s. 208-213.
700 1# - HASŁO DODATKOWE - NAZWA OSOBOWA
Nazwa osobowa Tubo~7lcev, Anatolij K.
700 1# - HASŁO DODATKOWE - NAZWA OSOBOWA
Nazwa osobowa Tubo~7lcev, Viktor K.
942 ## - DODATKOWE ELEMENTY (KOHA)
Typ dokumentu Książka
Egzemplarze
Wycofany Status egzemplarza Uszkodzony Dostępność Lokalizacja stała Lokalizacja bieżąca Miejsce przechowywania Sygnatura Kod kreskowy Typ dokumentu
      Dostępny Biblioteka Politechniki Koszalińskiej Biblioteka Politechniki Koszalińskiej Wypożyczalnia BG 34396 01597882 Książka
© 2023 Biblioteka Politechniki Koszalińskiej :: KOHA